000
00410nam a22001697a 4500
003
MPLRDC
005
20220104144536.0
008
210129b ||||| |||| 00| 0 eng d
082
_a
911.1 HFSQK
100
_a
赫伐斯琴科编, 汪启璋译
245
_a
音乐基本理论习题
_c
250
_a
初版
260
_a
_b
音乐出版社
_c
1955
300
_b
平
650
_a
942
_c
BK
_o
911.1 HFSQK
999
_c
50626
_d
50616